Male Actors by 3 Top Movies II Quiz Stats

Quiz Updated Oct 4, 2017

Challenge
Share
Tweet
Embed
Score 0/30 Timer 06:00
0 Plays Today
% Correct
Johnny Depp
92.2%
Al Pacino
90.1%
Ryan Gosling
88.4%
Liam Neeson
87.9%
Anthony Hopkins
86.8%
Denzel Washington
82%
Edward Norton
82%
Alan Rickman
80.5%
Gene Wilder
79.8%
Orlando Bloom
79%
Daniel Day-Lewis
79%
Jeff Bridges
78.6%
Jake Gyllenhaal
77.8%
Ben Kingsley
77.2%
Joaquin Phoenix
76.9%
% Correct
Gregory Peck
75.3%
Tommy Lee Jones
74.6%
Sean Connery
74.1%
Steve McQueen
71.8%
Peter O'Toole
71.4%
Robert Redford
71.2%
Ralph Fiennes
70.2%
Christopher Walken
70.2%
Ed Harris
67.1%
Sean Penn
64.7%
Gary Oldman
63.9%
Michael Caine
63.9%
Robert Duvall
60.8%
Martin Sheen
59.1%
Gene Hackman
53.9%

You're not logged in!

Compare scores with friends on all Sporcle quizzes.
Sign Up with Email
OR
Log In

You Might Also Like...

Show Comments

Extras

Top Quizzes Today


Score Distribution

Your Account Isn't Verified!

In order to create a playlist on Sporcle, you need to verify the email address you used during registration. Go to your Sporcle Settings to finish the process.

Report this User

Report this user for behavior that violates our Community Guidelines.

Details: